| 000 | 01547nem0a2200301 4500 | ||
|---|---|---|---|
| 001 | RU\NLR\BIBL_A\012932050 | ||
| 005 | 20250624231843.0 | ||
| 035 | _a(NLR Aleph) 012932050 | ||
| 090 |
_a12677609 _c12677609 |
||
| 100 | _a20221107d1968 |||y0rusy50 ca | ||
| 101 | 0 | _arus | |
| 102 | _aRU | ||
| 120 | _abya xx|| | ||
| 123 | 0 | _aa | |
| 200 | 1 |
_aТектоническая карта Армянской ССР _bКарты _fРед. А.А. Габриелян |
|
| 206 | _aБ. м-ба | ||
| 210 |
_aЕреван _cМИТК _d1968 |
||
| 215 |
_a2 к. _cцв. _d63х57 см, в обл. 26х17 см _eОбъяснительная записка (72 с.) + Схемы (2 л., 1 цв.; 43х27 см, 15х28 см) |
||
| 300 | _aКарты: Схематическая карта интрузивных формаций Армянской ССР; Схематическая тектоническая карта Армянской ССР и Нахичеванской АССР | ||
| 300 | _aВ надзаг.: Ереванский гос. ун-т; Упр. геологии при Совете Министров Армянской ССР | ||
| 509 | 0 | 1 |
_7ca _aАрмянская ССР _92635187 _3RU\NLR\auth_crt\552019 |
| 607 |
_aАрмянская ССР _xТектонические карты _91016619 _3RU\NLR\AUTH\6670153 |
||
| 608 |
_aТектонические карты _9943384 _3RU\NLR\AUTH\66349439 |
||
| 702 | 1 |
_aГабриелян _bА.А. _4340 |
|
| 852 |
_aNLR _bК _j4-Кав 6/652 _m54077 _t54078 |
||
| 942 | _cMAP | ||
| 980 | _aNB | ||